|
|
|
|
| LEADER |
00000nab#a22000007a#4500 |
| 001 |
arbauad001651 |
| 003 |
AR-BaUAD |
| 005 |
20250711110446.0 |
| 008 |
930726|||||||||###||||||b###|0###a|spa|| |
| 040 |
|
|
|a AR-BaUAD
|c AR-BaUAD
|b spa
|
| 100 |
|
|
|a Gay, Pierre
|
| 245 |
|
|
|a Le guide du spectateur /
|c Pierre Gay; Pierre Billard; Marcel Martin; René Gilson; Raymond Bellour; Monique Zimmer;
|
| 300 |
0 |
|
|b il.
|
| 500 |
|
|
|a Incluye notas críticas sobre: L'eclipse / de Michelangelo Antonioni; Eva / de Joseph Losey; Education sentimentale / de Alexandre Astruc; Vivre sa vie / de Jean-Luc Godard; Sasom I en spegel / de Ingmar Bergman; Thérèse Desqueyroux / de Georges Franju; Le combat dans l'île / de Alain Cavalier; Le repos du guerrier / de Roger Vadim; Vanina Vanini / de Roberto Rossellini; The longest day / de Darryl F. Zanuck y otros; Snobs / de Jean-Pierre Mocky; Risate di gioia / de Mario Monicelli; Le diable et les dix commandements / de Julien Duvivier; Experiment in terror / de Blake Edwards.
|
| 653 |
|
|
|a CINE
|
| 653 |
|
|
|a CRITICAS
|
| 653 |
|
|
|a DIRECTORES DE CINE
|
| 653 |
|
|
|a ANTONIONI, MICHELANGELO
|
| 653 |
|
|
|a LOSEY, JOSEPH
|
| 653 |
|
|
|a ASTRUC, ALEXANDRE
|
| 653 |
|
|
|a GODARD, JEAN LUC
|
| 653 |
|
|
|a BERGMAN, INGMAR
|
| 653 |
|
|
|a FRANJU, GEORGES
|
| 653 |
|
|
|a CAVALIER, ALAIN
|
| 653 |
|
|
|a VADIM, ROGER
|
| 653 |
|
|
|a ROSELLINI, ROBERTO
|
| 653 |
|
|
|a ZANUCK, DARRYL F.
|
| 653 |
|
|
|a MOCKY, JEAN PIERRE
|
| 653 |
|
|
|a MONICELLI, MARIO
|
| 653 |
|
|
|a DUVIVIER, JULIEN
|
| 653 |
|
|
|a EDWARDS, BLAKE
|
| 653 |
|
|
|a FRANCIA
|
| 653 |
|
|
|a SUECIA
|
| 653 |
|
|
|a ITALIA
|
| 653 |
|
|
|a LARGOMETRAJES
|
| 653 |
|
|
|a HISTORIA
|
| 700 |
1 |
|
|a Billard, Pierre
|
| 700 |
1 |
|
|a Martin, Marcel
|
| 700 |
1 |
|
|a Gilson, René
|
| 700 |
1 |
|
|a Bellour, Raymond
|
| 700 |
1 |
|
|a Zimmer, Monique
|
| 773 |
0 |
|
|t CINEMA 62
|g no. 70 [nov. 1962], p. 99-146
|
| 942 |
|
|
|c ARTI
|
| 952 |
|
|
|0 0
|1 0
|4 0
|7 0
|9 46571
|a AR-BAuAD
|b AR-BAuAD
|d 2025-07-11
|l 0
|p AAQA001651
|r 2025-07-11 11:04:45
|w 2025-07-11
|y ARTI
|
| 990 |
|
|
|a C196
|b TD
|
| 998 |
|
|
|a AAQ
|b BIBUN76
|
| 999 |
|
|
|c 26244
|d 26244
|